[Event "DSOL 05 Liga Gr-B 1st"]
[Site "Playchess.com INT"]
[Date "2020.07.24"]
[Round "5.2"]
[White "Muecke, Leonard"]
[Black "Mihl, Veronika"]
[Result "0-1"]
[WhiteElo "1552"]
[BlackElo "1698"]
[PlyCount "168"]
[EventDate "2020.06.22"]
[EventType "team-tourn (rapid)"]
[EventCountry "GER"]
[SourceTitle "EXT 2021"]
[Source "ChessBase"]
[SourceDate "2020.10.23"]
[SourceVersion "1"]
[SourceVersionDate "2020.10.23"]
[SourceQuality "1"]
[WhiteTeam "Bad Salzdetfurth"]
[BlackTeam "Erbendorf"]
[WhiteTeamCountry "GER"]
[BlackTeamCountry "GER"]

1. e4 e6 2. d4 d5 3. exd5 exd5 4. Nf3 Nf6 5. Bd3 Bg4 6. Be3 Bd6 7. c3 0-0 8. Nbd2 Re8 9. 0-0 Nbd7 10. Qc2 Bxf3 11. Nxf3 Ne4 12. Nd2 Qe7 13. Rfe1 Nef6 14. Nf3 Nf8 15. Bg5 Qd7 16. Bxf6 gxf6 17. Bf5 Qc6 18. Bg4 Ng6 19. Qf5 Be7 20. Qd7 Qxd7 21. Bxd7 Red8 22. Bf5 Bd6 23. g3 Kh8 24. Re2 Rg8 25. Kf1 Ne7 26. Bc2 f5 27. Ne5 Rg7 28. Rae1 Rag8 29. f4 h5 30. Rg2 h4 31. Kf2 c5 32. Reg1 h3 33. Nd7 hxg2 34. Nf6 Rc8 35. Nh5 Rh7 36. Bd1 cxd4 37. cxd4 Nc6 38. Ke3 Nb4 39. a3 Nc2+ 40. Kd3 Nxd4 41. Rxg2 Ne6 42. Nf6 Rh3 43. Nxd5 Nxf4+ 44. Nxf4 Bxf4 45. Rf2 Bxg3 46. hxg3 Rxg3+ 47. Kd2 Rd8+ 48. Kc2 Rd5 49. Bf3 Rb5 50. Bh5 Rgb3 51. Kc1 Rc5+ 52. Kb1 f6 53. Rh2 Kg7 54. Rg2+ Kf8 55. Re2 Re5 56. Rd2 f4 57. Be2 f3 58. Bf1 Re1+ 59. Ka2 Rbe3 60. Rf2 Ke7 61. Bh3 R1e2 62. Rf1 f2 63. Bg4 Rd2 64. Rc1 Re1 65. Rc7+ Kd6 66. Rd7+ Ke5 67. Rxd2 f1Q 68. Rc2 Ra1+ 69. Kb3 Qd3+ 70. Rc3 Qe4 71. Bf3 Qf4 72. Rc5+ Kd6 73. Rd5+ Kc7 74. Rc5+ Kb6 75. Rc3 a5 76. Kc2 Rc1+ 77. Kb3 Rxc3+ 78. bxc3 Qxf3 79. a4 Qd5+ 80. c4 Qd3+ 81. Kb2 Kc5 82. Ka1 Kb4 83. c5 Kb3 84. c6 Qd1# 0-1

[Event "Erbendorf op"]
[Site "Erbendorf"]
[Date "2009.06.14"]
[Round "7"]
[White "Gawle, Ireneusz"]
[Black "Mihl, Veronika"]
[Result "1-0"]
[WhiteElo "1962"]
[BlackElo "1748"]
[PlyCount "45"]
[EventDate "2009.06.11"]
[EventType "swiss"]
[EventRounds "7"]
[EventCountry "GER"]
[SourceTitle "CBM 130 Extra"]
[Source "ChessBase"]
[SourceDate "2009.07.02"]
[SourceVersion "2"]
[SourceVersionDate "2009.07.15"]
[SourceQuality "1"]

1. e4 e6 2. d4 d5 3. e5 c5 4. c3 Nc6 5. Nf3 Nge7 6. Na3 Ng6 7. h4 cxd4 8. cxd4 Bb4+ 9. Bd2 Qa5 10. Nb5 0-0 11. h5 Nge7 12. h6 Bxd2+ 13. Nxd2 gxh6 14. Rxh6 f5 15. exf6 Nf5 16. Qg4+ Kh8 17. Bd3 Rf7 18. Nd6 Qc7 19. Nxf7+ Qxf7 20. Bxf5 exf5 21. Qh4 Qe8+ 22. Kf1 Qf7 23. Nf3 1-0

[Event "Erbendorf op"]
[Site "Erbendorf"]
[Date "2009.06.13"]
[Round "6"]
[White "Mihl, Veronika"]
[Black "Restorff, Felix"]
[Result "1-0"]
[WhiteElo "1748"]
[BlackElo "1572"]
[PlyCount "61"]
[EventDate "2009.06.11"]
[EventType "swiss"]
[EventRounds "7"]
[EventCountry "GER"]
[SourceTitle "CBM 130 Extra"]
[Source "ChessBase"]
[SourceDate "2009.07.02"]
[SourceVersion "2"]
[SourceVersionDate "2009.07.15"]
[SourceQuality "1"]

1. c4 Nf6 2. Nc3 c5 3. g3 g6 4. Bg2 Bg7 5. Nf3 Nc6 6. 0-0 0-0 7. e3 d6 8. d4 cxd4 9. exd4 Nd7 10. Be3 Re8 11. Qc1 a6 12. h4 h5 13. Re1 Nf8 14. Qd2 Bf5 15. Ng5 Rc8 16. b3 Rc7 17. Rac1 Rd7 18. d5 Ne5 19. Nge4 Qc7 20. f4 Ng4 21. Bd4 Red8 22. Bxg7 Kxg7 23. Qd4+ Kg8 24. Na4 Re8 25. Bf3 Rdd8 26. c5 e5 27. fxe5 dxe5 28. Qc4 Bxe4 29. Bxe4 Qb8 30. d6 Ne6 31. Qd5 1-0

[Event "Erbendorf op"]
[Site "Erbendorf"]
[Date "2009.06.11"]
[Round "2"]
[White "Groschwitz, Eva"]
[Black "Mihl, Veronika"]
[Result "0-1"]
[WhiteElo "959"]
[BlackElo "1748"]
[PlyCount "68"]
[EventDate "2009.06.11"]
[EventType "swiss"]
[EventRounds "7"]
[EventCountry "GER"]
[SourceTitle "CBM 130 Extra"]
[Source "ChessBase"]
[SourceDate "2009.07.02"]
[SourceVersion "2"]
[SourceVersionDate "2009.07.15"]
[SourceQuality "1"]

1. d4 e6 2. Bf4 d5 3. Nf3 c5 4. e3 Nf6 5. c4 cxd4 6. exd4 Bb4+ 7. Bd2 Bd6 8. c5 Bc7 9. Bd3 Nc6 10. b4 0-0 11. Qc2 Re8 12. 0-0 e5 13. dxe5 Nxe5 14. Nxe5 Bxe5 15. Bc3 d4 16. Bb2 Bg4 17. Nd2 h6 18. f3 Be6 19. Rfe1 Qc7 20. Nf1 Nd5 21. a3 Rad8 22. Rad1 Ne3 23. Nxe3 Bxh2+ 24. Kf1 dxe3 25. Rxe3 Qf4 26. Qe2 Bg3 27. Be5 Qh4 28. Bxg3 Qxg3 29. Qf2 Qf4 30. Qe2 Kf8 31. Bb5 Rxd1+ 32. Qxd1 Qxe3 33. Qd6+ Kg8 34. Bxe8 Bc4+ 0-1